What Word Did I Search? Picture Quiz - Statistics

General Stats
  • This quiz has been taken 327 times
    307 since last reset
  • The average score is 10 of 16
Answer Stats
Picture Answer % Correct
Fish
96%
Fall
90%
Police
88%
Paris
85%
Desert
76%
Smell
71%
Sunset
71%
Pasta
68%
Gum
65%
Poker
55%
Music
44%
Fork
40%
Fruit
39%
Dinosaur
29%
Cold
26%
Grass
25%
No matching quizzes found
Score Distribution
Percent of People with Each Score
Percentile by Number Answered
Your Score History
You have not taken this quiz since the last reset